000
00323nam a22001457a 4500
008
180917b xxu||||| |||| 00| 0 eng d
020
_a
9605000210
041
_a
eng
080
_a
902
082
_a
902
100
_a
45
101
_a
ARK
245
_a
The Archaeological museum of delphi
_c
Carabatea,M
942
_2
udc
_c
BK
999
_c
47832
_d
47832